01423nam a2200361Ia 4500001001100000003000800011006001900019007001500038008004100053010001700094020001800111020002800129040002100157035002100178050002500199082002800224100002400252245012500276260005500401300001900456533015200475600003300627650003200660650003400692650004500726650003300771650003400804655002900838700003700867710001700904856012500921999001501046ebr5000374CaPaEBRm u cr cn|||||||||001116s2001 enka s 000 0deng d z 00066336  z9781846427008 z1853029793 (alk. paper) aCaPaEBRcCaPaEBR a(OCoLC)55924870414aRJ506.A9bD38 2001eb04a618.92/8982/0092aB2211 aDavis, Bill,d1953-10aBreaking autism's barriersh[electronic resource] :ba father's story /cBill Davis, as told to Wendy Goldband Schunick. aLondon ;aPhiladelphia :bJessica Kingsley,c2001. a399 p. :bill. aElectronic reproduction.bPalo Alto, Calif. :cebrary,d2013.nAvailable via World Wide Web.nAccess may be limited to ebrary affiliated libraries.10aDavis, ChrisxMental health. 0aAutistic peoplevBiography. 0aAutistic childrenvBiography. 0aAutistic childrenxFamily relationships. 0aFathers and sonsvBiography. 0aParents of autistic children. 7aElectronic books.2local1 aSchunick, Wendy Goldband,d1955-2 aebrary, Inc.40uhttp://site.ebrary.com/lib/rucke/Doc?id=5000374zAn electronic book accessible through the World Wide Web; click to view c2785d2785